| 000 | 00988nam a2200217Ii 4500 | ||
|---|---|---|---|
| 003 | JO-AjNU | ||
| 008 | 230605s9999||||xx |||||||||||||| ||und|| | ||
| 017 | _a1975/444 | ||
| 040 |
_aJO-AjNU _bara _erda _cJO-AjNU |
||
| 041 | _aara | ||
| 050 | 1 | 4 | _aHV9192.55.N4 D32 1975 |
| 100 | 3 |
_aتألبف الدباغ، فخري, _eauthor _937368 |
|
| 245 | 0 | 0 | _aجنوح الأحداث : دراسة اجتماعية نفسية عامة لانحرافات الأحداث مع دراسة مقارنة لظاهرة الجنوح في محافظة نينوي |
| 250 | _aط1 | ||
| 264 | 3 | 1 | _aبغداد: دار الكتب للطباعة والنشر، 1975 |
| 300 |
_a217ص _bيحتوي على ببلوغرافية وملاحق من 201-217ص |
||
| 336 |
_atext _btxt _2rdacontent |
||
| 337 |
_aunmediated _bn _2rdamedia |
||
| 338 |
_avolume _bnc _2rdacarrier |
||
| 650 | 4 |
_a جناح الأحداث -الجريمة والمجرمون - العراق -احوال اجتماعية- نينوي _937369 |
|
| 999 |
_aA15607 _c19175 _d19175 |
||